Quizzes
Events
Quiz Creation
Community
Videos
Private Events
Remove Ads
Sign In
Join for FREE
Feedback
Dark Mode
Quiz Categories
Sports
Geography
Music
Movies
Television
Just For Fun
Miscellaneous
History
Literature
Language
Science
Gaming
Entertainment
Religion
Holiday
For Kids
Quiz Lab
Recent
Popular Today
Quiz Kudos Today
Editor Picks
Curator Picks
Quizzes by...
Day
Popularity
Type
Ratings
Length
Year
Community
Subscriptions
Recent Discussions
Orange Saloon
Badges
Playlists
Quests
Create
Leaderboards
Showdown
Live 5
Trivia Bingo
Activity
Puzzle Library
Sporcle Events
Private Events
Virtual Trivia
Globe League
Become a Host
Pub Owners
SporcleCon
Opinionation
Our Games
Videos
Blog
Mobile Apps
Partnerships
Remove Ads and Go Orange
Feedback
Music
Pop Music
The Beatles
Song
Album
Lyrics
Bands
Singers
Artist
Clip
Rock
Rap
Classical
Billboard
Country Music
Kpop
Taylor Swift
Music
Pop Music
The Beatles
Song
Album
Lyrics
Bands
Singers
Artist
Clip
Rock
Rap
Classical
Billboard
Country Music
Kpop
Taylor Swift
Random Quiz
Search Sporcle
×
Quiz Lab
Quiz Lab
Music
Clickable
Select answers by clicking on text or image buttons
Select answers by clicking on text or image buttons
Clickable
Best Score? Go Orange.
10 to 1: Studio Albums VII Stats
Can you pick the 10 to 1: Studio Albums VII?
By
Queen24
6m
55 Questions
646 Plays
646 Plays
646 Plays
Comments
Comments
Give Quiz Kudos
Give Quiz Kudos
-
- Ratings
hide this ad
Forced Order
Answers have to be entered in order
Answers have to be entered in order
Replay
Link that replays current quiz
Next Quiz
Link to next quiz in quiz playlist
You Got
0%
They Got
Avg Score
65%
Avg Friend Score
Upgrade to see
Score Distribution
Jump to the score distribution portion of the page
Score
0/55
Timer
06:00
0
Plays Today
% Correct
Purple Rain
93.7%
1999
91.8%
Piano Man
88.5%
Sign O' the Times
86.1%
School's Out
84.2%
Escape
83%
52nd Street
81.9%
Lovesexy
80.7%
The Stranger
79.6%
Diamonds and Pearls
79.3%
Departure
79.1%
Eclipse
79.1%
Teenage Dream
78.5%
Evolution
77.9%
Frontiers
77.7%
British Steel
77.1%
Arrival
76.9%
River of Dreams
76.8%
Aja
76.6%
Infinity
76.2%
Dirty Mind
74.9%
Glass Houses
72.1%
Screaming for Vengeance
71.7%
All Things Must Pass
71.1%
Billion Dollar Babies
68.3%
Controversy
67.8%
Defenders of the Faith
66.3%
Core
66.3%
% Correct
Storm Front
64.6%
Painkiller
63.9%
Pretzel Logic
62.8%
Sin After Sin
60.5%
Can't Buy a Thrill
60.2%
Purple
60.1%
One of the Boys
57.3%
Around the World in a Day
56.7%
The Bridge
56.3%
Tiny Music...Songs From the Vatican Shop
55.1%
Killer
55%
Turbo
54.3%
The Royal Scam
52.6%
Countdown to Ecstasy
51.2%
Love It To Death
51.2%
Muscle of Love
51.2%
St. Elsewhere
50.6%
Stained Class
50.3%
Point of Entry
49.7%
Next
49.5%
Two Against Nature
49.2%
Raised on Radio
47.5%
Prism
46.1%
The Odd Couple
39.5%
Look Into the Future
37.6%
For You
36.7%
Witness
32.4%
Quiz Playlist
Details
Report
Send in Message
Add To Playlist
Clickable:
Select answers by clicking on text or image buttons
Forced Order:
Answers have to be entered in order
Last Updated: Jul 12, 2017
Quiz Scoreboard
CHALLENGE
Sign Up to Join the Scoreboard
Show All
Scores
Hide
Comments
May contain spoilers
Recently Published
College Basketball Coaching Resumes
by pancakes188
Sports
9m
Billboard Blitz: Fleetwood Mac
by CooCooCachoo
Music
15s
Presidents Visiting Landmarks
by Hejman
History
7m
More to Explore
Quiz From the Vault
Featured Blog Post
Where Did the Easter Bunny Come From?
hide this ad
You Might Also Like...
Tags
Album Quiz
Clickable Quiz
studio
VII
Today's Top Quizzes in Music
Browse Music
hide this ad
Today's Top Quizzes in Clickable
Browse Clickable
Top Contributed Quizzes in Music
1
Taylor Swift All Songs (2024)
2
Guess the Artist- 70s Songs
3
7-to-1: Billboard Hot 100 #1 Hits of 2010s
4
Sorting Albums and Songs
5
Taylor Swift Logic Puzzle
6
KPOP LOGIC QUIZ
7
Guess the Taylor Swift song (Mystery Song)
8
One Thing in Common: Music
9
2010s Album by Cover III
10
Guess The Taylor Swift Lyrics Song #1
Explore More
Trending Topics
Anime
Kpop
NBA
Crossword
Harry Potter
Marvel
Disney
Country
The Office
WWE
Puzzle
Song
Pokémon
NFL
Soccer
hide this ad
More By:
Queen24
Quiz
Plays
Rating
Category
Featured
Created
2023-24 NHL Captains & Alternates
3,979
4.29
Sports
Jan 13, 2021
MLB Team Mount Rushmores (Pitchers)
2,819
5.00
Sports
Aug 29, 2023
Most Top Ten Singles From One Album
1,751
4.81
Music
Jul 24, 2017
10 to 1: Studio Albums
1,028
4.92
Music
Jun 28, 2017
MLB Team Mount Rushmores (Position Players)
1,028
4.20
Sports
Aug 29, 2023
Go to Creator's Profile
Score Distribution
Quiz Creator Spotlight
Queen24
Follow
Send a Message
Quizzes Created
-
Created Quiz Play Count
-
More By This Creator
Popular Quizzes Today
1
Find the US States - No Outlines Minefield
2
Find the Countries of Europe - No Outlines Minefield
3
The Countries of the World
4
Find the US States
5
Risky Map Clicking: Biggest States A-Z
6
US States
7
Popular People in 1961
8
Movies - When Are They Set?
More Music Quizzes
Grammy 'Album of Year' Artists by Decade
Published
Trending Quizzes
Risky Map Clicking: Least Populous States A-Z
1-10 Letter G Words
1-10 Letter F Words
Risky Map Clicking: Next State Alphabetically
Risky Map Clicking: Biggest States A-Z
Recently Updated
Leaping Animals
pecheneg
Reality TV Shows (A-Z)
bhenderson79
Rickey Henderson's Hall of Fame Teammates
pecheneg
Champions League XIs: Arsenal
pecheneg
Quick Pick: Celebrities in WWE's Hall of Fame
aduchscher
A-Z Keypad Blitz II
pecheneg
Multiple Oscar Actors
pecheneg
Mystery Phrase Blitz: Oscar 'Best Actors'
pecheneg
F. Scott Fitzgerald Novels
LTH
Pick 3 Villains
ddd62291
Trending Topics
Anime
Marvel
Disney
Harry Potter
Kpop
Crossword
NBA
Song
WWE
Country
The Office
NFL
Pokémon
Puzzle
Soccer
Your Account Isn't Verified!
In order to create a playlist on Sporcle, you need to verify the email address you used during registration. Go to your
Sporcle Settings
to finish the process.
Report this User
Report this user for behavior that violates our
Community Guidelines
.
Details:
Send Report
Go to the Sporcle.com Mobile Site →
Comments